Normal view MARC view
  • Weather forecasting

Entry Topical Term

Number of records used in: 1

001 - CONTROL NUMBER

  • control field: 152520

003 - CONTROL NUMBER IDENTIFIER

  • control field: TR-AnTOB

005 - DATE AND TIME OF LATEST TRANSACTION

  • control field: 20260212150904.0

008 - FIXED-LENGTH DATA ELEMENTS

  • fixed length control field: 260212n|eazannbab| |n aaa d

010 ## - LIBRARY OF CONGRESS CONTROL NUMBER

  • LC control number: sh 85145853

035 ## - SYSTEM CONTROL NUMBER

  • System control number: (TR-AnTOB)152520

040 ## - CATALOGING SOURCE

  • Original cataloging agency: DLC
  • Language of cataloging: eng
  • Transcribing agency: DLC
  • Modifying agency: DLC
  • Modifying agency: WaElC
  • Modifying agency: DLC
  • Modifying agency: TR-AnTOB

053 ## - LC CLASSIFICATION NUMBER

  • Classification number element--single number or beginning number of span: QC995

150 ## - HEADING--TOPICAL TERM

  • Topical term or geographic name entry element: Weather forecasting

360 ## - COMPLEX SEE ALSO REFERENCE--SUBJECT

  • Explanatory text: subdivision
  • Heading referred to: Forecasting
  • Explanatory text: under headings for meteorological topics, e.g.
  • Heading referred to: Severe storms--Forecasting

450 ## - SEE FROM TRACING--TOPICAL TERM

  • Topical term or geographic name entry element: Forecasting, Weather

450 ## - SEE FROM TRACING--TOPICAL TERM

  • Topical term or geographic name entry element: Short range weather forecasting

450 ## - SEE FROM TRACING--TOPICAL TERM

  • Topical term or geographic name entry element: Weather
  • General subdivision: Forecasting

450 ## - SEE FROM TRACING--TOPICAL TERM

  • Topical term or geographic name entry element: Weather prediction

450 ## - SEE FROM TRACING--TOPICAL TERM

  • Topical term or geographic name entry element: Hava tahmini

550 ## - SEE ALSO FROM TRACING--TOPICAL TERM

  • Control subfield: g
  • Topical term or geographic name entry element: Geophysical prediction

670 ## - SOURCE DATA FOUND

  • Source citation: The use of mesoscale weather prediction models for wind energy and utility applications, 1996.

681 ## - SUBJECT EXAMPLE TRACING NOTE

  • Explanatory text: Example under
  • Subject heading or subdivision term: Forecasting

688 ## - APPLICATION HISTORY NOTE

  • Institution to which field applies: TR-AnTOB
  • Application history note: Op 12.02.2026

750 ## - ESTABLISHED HEADING LINKING ENTRY--TOPICAL TERM

  • Authority record control number or standard number: https://lccn.loc.gov/sh85145853
  • Source of heading or term: lcsh
Devinim Yazılım Eğitim Danışmanlık tarafından Koha'nın orjinal sürümü uyarlanarak geliştirilip kurulmuştur.